| 000 | 00431nam a2200181Ia 4500 | ||
|---|---|---|---|
| 001 | 3168 | ||
| 005 | 20260306144901.0 | ||
| 008 | 260306t2007||||xx |||||||||||||| ||spa|| | ||
| 041 | _aESP | ||
| 082 |
_a261.8 _bD94 |
||
| 100 |
_aPassos, Joao Décio (org.) _eAUT |
||
| 245 | 0 | _aDoutrina social e universidade | |
| 260 | _c2007 | ||
| 300 |
_a257 páginas : _c24 cm. |
||
| 650 | _aGEN | ||
| 654 | _aCHU | ||
| 942 |
_cLIB _dJUS _fJUS _2ddc _n |
||
| 999 |
_c3168 _d3168 |
||